Responses for Show #1061 - Monday, March 27, 1989

Contestants

[<< previous game]

Sara Leiber McKinney, a teacher originally from Yonkers, New York

Art Burke, an analyst from Lenexa, Kansas

Craig Campbell, an advertising executive from Victorville, California (whose 1-day cash winnings total $999)

[next game >>]

Jeopardy! Round responses

20th C. QUOTES
A.K.A.
ZOOS
OPERA
COOKING
TV GUIDE SAYS
(Alex: These are plot breakdowns as they appeared in TV Guide and all you have to do is to identify the correct TV series or program.)
    $100 22
the problem

Craig
    $100 17
(Craig: Who is Jack Klugman?)

Tony Randall

CraigSara
    $100 12
Washington D.C.

Sara
    $100 11
(Art: What is Austria?)
...
(Alex: It opened in Venice.)

Italy

CraigArt
    $100 1
cuisine

Sara
    $100 6
M*A*S*H

Craig
    $200 23
Richard Nixon

Sara
    $200 18
Paula Prentiss

Sara
    $200 13
China

Craig
    $200 27
John the Baptist

Sara
    $200 2
ham

Art
    $200 7
Taxi

Sara
    $300 24
(Alex: Less than a minute in the round.)

Martin Luther King, Jr.

Sara
    $300 19
The Three Stooges

Craig
    $300 14
San Diego Zoo

Sara
    $300 28
commit suicide

Sara
    $300 3
corn flakes

Sara
    $300 8
Welcome Back, Kotter

Art
    $400 25
Cecil Rhodes

Craig
    $400 20
Pee-wee Herman

Triple Stumper
    $400 15
moats

Craig
    $400 29
William Tell

Craig
    $400 4
(Craig: What is foie gras?)
...
(Alex: The liver is the foie gras.)

pate de foie gras

CraigSara
    $300 9
Remington Steele

Art
    $500 26
Ernie Pyle

Sara
    $500 21
Janis Ian

Craig
    $500 16
Marlin Perkins

Sara
    $500 30
matador

Triple Stumper
    $500 5
oregano

Craig
    $500 10
The Paper Chase

Art

Scores at the first commercial break (after clue 10):

Craig Art Sara
$200 $1,300 $1,000

Scores at the end of the Jeopardy! Round:

Craig Art Sara
$2,500 $1,200 $3,700

Double Jeopardy! Round responses

FAMOUS AMERICANS
FICTION
SHARKS
BROADWAY MUSICALS
THE 50 STATES
"L.O."
    $200 8
(Craig: Who is Doris Lutzen?)

Pearl S, Buck

CraigSara
    $200 18
Ho

Sara
    $200 13
fish and chips

Sara
    $200 23
(Alex: And we've got a minute to go.)

Flower Drum Song

Art
    $200 1
Michigan

Sara
    $200 3
lift off

Art
    $400 9
chief justice

Craig
    $400 19
Prometheus

Sara
    $400 14
the liver

Craig
    $400 2
Montana

Craig
    $400 4
Electric Light Orchestra

Art
    $600 10
Jefferson Davis

Art
    $600 20
(Art: What is Moby-Dick?)

the Pequod

Art
Triple Stumper
    $600 15
fin

Craig
    $600 24
Ain't Misbehavin'

Craig
    $600 5
Idaho

Craig
    $600 25
Laurence Olivier

Art
    $1,500 11
Benjamin Franklin

Art
    $800 21
Henry Fielding

Sara
    $800 16
great white shark

Craig
    $800 6
Georgia

Art
    $800 26
letter opener

Craig
    $1000 12
(Craig: Who was Lincoln?)
(Sara: Who was John C. Calhoun?)

Henry Clay

CraigSara
Triple Stumper
    $1000 22
(Art: What is Venice?)

Berlin

Art
Triple Stumper
    $1000 17
hammerhead

Art
    $1000 28
[The end-of-round signal sounds.]

On the Town

Sara
    $1000 7
(Art: What is Rhode Island?)
(Craig: What is Maryland?)

Delaware

CraigArt
Triple Stumper
    $1000 27
Lake Okeechobee

Art

Scores at the end of the Double Jeopardy! Round:

Craig Art Sara
$4,900 $4,900 $5,700

[wagering suggestions for these scores]

Final Jeopardy! Round responses

ISLANDS
[Craig's response was revealed first.]
[NOTE: Sara's response was later judged to be correct, resulting in her return to the show in June 1989.]
CraigWhat is Iceland?
$4,900
ArtWhat is Iceland?
$4,898
SaraWhat is the Philippines Indonesia
$4,101
Iceland

Final scores:

Craig Art Sara
$9,800 $9,798 $1,599
2-day champion: $10,799 2nd place: Sam Moore Furniture trio of chairs & Jean Roulet desk clock 3rd place: Smith Corona PWP 40 word processor

Game dynamics:

Coryat scores:

Craig Art Sara
$4,900 $4,300 $5,700
18 R,
5 W
13 R
(including 2 DDs),
4 W
21 R,
1 W

Combined Coryat: $14,900

[game clues] [game scores] [suggest correction]

Game tape date: 1988-12-06
The J! Archive is created by fans, for fans. Scraping, republication, monetization, and malicious use prohibited; this site may use cookies and collect identifying information. See terms. The Jeopardy! game show and all elements thereof, including but not limited to copyright and trademark thereto, are the property of Jeopardy Productions, Inc. and are protected under law. This website is not affiliated with, sponsored by, or operated by Jeopardy Productions, Inc. Join the discussion at JBoard.tv.